000 00524nam a2200169 i 4500
001 37409
003 ES-MaACL
005 20230906155553.0
007 t|
008 030221s1971 sp ||||1| spa d
100 1 _aCaamaño Bournacell, José
_9176576
245 1 0 _aPor las rutas turísticas de Valle Inclán... /
_cJosé Caamaño Bournacell.
260 _aMadrid :
_b[s.n.,
_c1971] (
_fGráf. Valencia)
300 _a116 p. :
_bil. ;
_c20 cm.
852 _aES-MaACL
_jC-44810
_bR.79477
999 _c37409
_d37409